Т. 321, № 1 : Науки о Земле; Известия Томского политехнического университета [Известия ТПУ]

Podrobná bibliografie
Parent link:Известия Томского политехнического университета [Известия ТПУ]/ Томский политехнический университет (ТПУ). Т. 321, № 1 : Науки о Земле.— , 2000-.— 1684-8519
Jazyk:ruština
Vydáno: 2012
Témata:
Médium: MixedMaterials Kniha
KOHA link:https://koha.lib.tpu.ru/cgi-bin/koha/opac-detail.pl?biblionumber=222056

MARC

LEADER 00000nam2a2200000 4500
001 222056
005 20231208103932.0
035 |a (RuTPU)RU\TPU\book\242238 
035 |a RU\TPU\book\230759 
090 |a 222056 
100 |a 20120918d2012 k y0rusy50 ca 
101 0 |a rus 
102 |a RU 
105 |a a z 001zd 
200 0 |a Т. 321, № 1 : Науки о Земле 
210 |d 2012 
215 |a 232 с.  |c ил. 
320 |a Библиогр. в конце статей 
461 1 |0 (RuTPU)RU\TPU\book\176237  |x 1684-8519  |t Известия Томского политехнического университета [Известия ТПУ]  |f Томский политехнический университет (ТПУ)  |v Т. 321, № 1 : Науки о Земле  |d 2000-  
600 1 |a Сергеев  |b В. Л.  |c российский геолог  |c профессор Томского политехнического университета, доктор технических наук  |g Виктор Леонидович  |y Томск  |f 1947-  |2 stltpush  |3 (RuTPU)RU\TPU\pers\26314 
600 1 |a Поцелуев  |b А. А.  |c российский геолог  |c профессор Томского политехнического университета, доктор геолого-минералогических наук  |g Анатолий Алексеевич  |y Томск  |f 1952-  |2 stltpush  |3 (RuTPU)RU\TPU\pers\26071 
600 1 |a Исаев  |b В. И.  |c российский геолог  |c профессор Томского политехнического университета, доктор геолого-минералогических наук  |g Валерий Иванович  |f 1952-  |y Томск  |2 stltpush  |3 (RuTPU)RU\TPU\pers\24786 
600 1 |a Коровкин  |b М. В.  |c геофизик  |c профессор Томского политехнического университета, доктор физико-математических наук  |g Михаил Владимирович  |y Томск  |f 1952-  |c главный эксперт центра качества Томского технологического института  |2 stltpush  |3 (RuTPU)RU\TPU\pers\26067 
600 1 |a Рассказов  |b Н. М.  |c геолог  |c профессор Томского политехнического университета, доктор геолого-минералогических наук  |f 1932-2012  |g Николай Михайлович  |y Томск  |2 stltpush  |3 (RuTPU)RU\TPU\pers\22123  |9 9368 
606 1 |a Научно-технический потенциал  |2 stltpush  |3 (RuTPU)RU\TPU\subj\45166  |9 64427 
606 1 |a Науки о Земле  |2 stltpush  |3 (RuTPU)RU\TPU\subj\45098  |9 64360 
610 1 |a научные исследования 
610 1 |a геология 
610 1 |a полезные ископаемые 
610 1 |a минералогия 
610 1 |a геохимия 
610 1 |a геофизика 
610 1 |a нефтегазовая геология 
610 1 |a гидрогеология 
610 1 |a геологоразведочные работы 
610 1 |a техника 
610 1 |a минеральное сырье 
610 1 |a геоэкология 
610 1 |a минералогия 
610 1 |a нефтегазовые месторождения 
610 1 |a динамика 
610 1 |a труды учёных ТПУ 
675 |a 62  |v 3 
675 |a 551.1  |v 3 
801 1 |a RU  |b 63413507  |c 20110406 
801 2 |a RU  |b 63413507  |c 20231005  |g RCR 
942 |c CR